000
00321nam a22001337a 4500
003
OSt
005
20231127213656.0
008
231127b |||||||| |||| 00| 0 eng d
040
_c
CO-JMCR
082
_a
A /
_b
CARm
100
_a
Carle, Eric,
_e
autor
_9
42658
245
_a
Mi primer libro de los colores /
942
_2
ddc
_c
BK
999
_c
30382
_d
16766